| 000 | 01555nam a22002297a 4500 | ||
|---|---|---|---|
| 999 |
_c63012 _d63012 |
||
| 003 | Ge_BSU | ||
| 005 | 20250502163753.0 | ||
| 008 | 250502s2017 ge ||||| |||| 00| 0 geo d | ||
| 020 | _a9789941088674 | ||
| 041 | _ageo | ||
| 080 | _a633.1(075.8) : 635.65(075.8) ბ-95 | ||
| 100 |
_aბუკია, ზურაბ _925003 |
||
| 245 |
_aმემცენარეობა საკვებწარმოების საფუძვლებით : _bსახელმძღვანელო აგრონომიის სპეციალობის ბაკალავრიატის სტუდენტებისათვის / _cზ. ბუკია, ნოდარ ბერიძე, შოთა ლამპარაძე ; რედაქტორი ოთარ შაინიძე ; ბათუმის შოთა რუსთაველის სახელმწ. უნ-ტი. |
||
| 264 |
_aბათუმი, _c2017. |
||
| 300 |
_a189 გვ. : _bსურ. ; _c20 სმ. |
||
| 504 | _aბიბლიოგრ.: გვ. 184-185. | ||
| 653 | _aმარცვლეულ-პარკოსანი კულტურები | ||
| 700 |
_aბერიძე, ნოდარ _e ავტორი _919537 |
||
| 710 |
_aბათუმის შოთა რუსთაველის სახელმწ. უნ-ტი. _925004 |
||
| 856 |
_uhttps://dspace.nplg.gov.ge/bitstream/1234/226234/6/MemcenareobaSakvebCarmoeba.pdf _yელ. ვერსია |
||
| 942 |
_2udc _cᲬᲘᲒᲜᲘ |
||